| 000 | 01372nam a22002655a 4500 | ||
|---|---|---|---|
| 005 | 20091217155310.0 | ||
| 008 | 091120t20092006paua j 001 0 eng | ||
| 010 | _aB-379632-634 | ||
| 020 |
_a9788181466150 _c125.00 |
||
| 035 | _aB-379632-634 | ||
| 037 | _bIPD Alternatives | ||
| 040 |
_adpl _bEnglish |
||
| 082 | _aS | ||
| 100 | _aKarim-Ahlawat, Mariam | ||
| 245 |
_aGulla and the Hangul / _cby Mariam Karim-Ahlawat; illustrated by Proiti Roy |
||
| 260 |
_aChennai _bTulika Publisers _c2008 |
||
| 270 |
_a13 Prithvi Avenue First Street, Abhiramapuram _bChennai _e600018 |
||
| 300 |
_aunpaged : _bill. _c28cm(pbk) |
||
| 700 | _aRoy, Proiti | ||
| 942 |
_2ddc _cCH _mKAR _hS |
||
| 999 |
_c33149 _d33149 |
||